|
|
|
|
| LEADER |
01238nam a22002537i 4500 |
| 003 |
GR-PaULI |
| 005 |
20210117210313.0 |
| 008 |
170201s1964 gr ||||f b||| 000 0 gre d |
| 040 |
|
|
|a GR-PaULI
|b gre
|c GR-PaULI
|e AACR2
|
| 082 |
0 |
4 |
|a 190
|2 23
|
| 100 |
1 |
|
|a Λογοθέτης, Κωνσταντίνος,
|d γ. 1883.
|e συγγραφέας
|9 159764
|
| 245 |
1 |
0 |
|a Νεωτέρα φιλοσοφία /
|c Κων. Ι. Λογοθέτου.
|
| 260 |
|
|
|a Εν Αθήναις :
|b Οργανισμός Εκδόσεων Διδακτικών Βιβλίων,
|c 1964.
|
| 300 |
|
|
|a 1 τ. ;
|c 24 εκ.
|
| 500 |
|
|
|a τ. 1. - 566 σ. - 1964 --
|
| 504 |
|
|
|6 Περιλαμβάνει βιβλιογραφικές παραπομπές.
|
| 505 |
1 |
|
|a τ. 1. Ο αγγλικός και γαλλικός διαφωτισμός --
|
| 650 |
|
4 |
|a Φιλοσοφία, Νεότερη
|9 3500
|
| 650 |
|
4 |
|a Διαφωτισμός
|9 21217
|z Γαλλία
|
| 650 |
|
4 |
|a Διαφωτισμός
|9 159766
|z Αγγλία.
|
| 942 |
|
|
|2 ddc
|c BK15
|
| 952 |
|
|
|0 0
|1 0
|2 ddc
|4 0
|6 190_000000000000000_ΛΟΓ
|7 0
|9 209426
|a PHIL
|b PHIL
|d 2017-02-01
|i 11717
|l 0
|o 190 ΛΟΓ
|p 025000242952
|r 2017-02-01 00:00:00
|t 1
|v 2017.00
|w 2017-02-01
|y BK15
|
| 998 |
|
|
|c ΚΑΝΕΛΛΟΠΟΥΛΟΥ
|d 2017-01
|
| 999 |
|
|
|c 127445
|d 127445
|